| 000 | 00631 a2200217 4500 | ||
|---|---|---|---|
| 999 |
_c5330 _d5330 |
||
| 020 | _a0683078577 | ||
| 050 | 0 | 0 | _aRC 925.5 SOD 1986 |
| 100 | 1 | _aSoderberg, Gary L. | |
| 245 | 1 | 0 |
_aKinesiology : _bapplication to pathological motion / _cGary L. Soderberg. |
| 264 |
_aBaltimore: _bWilliams & Wilkins, _c1986 |
||
| 300 |
_axvii, 378 p. : _bill. ; |
||
| 500 | _aincludes index | ||
| 504 | _aIncludes bibliographies | ||
| 650 | 0 | _aMovement disorders. | |
| 650 | 0 | _aHuman mechanics. | |
| 650 | 0 | _aKinesiology. | |
| 650 | 2 | _aBiomechanics. | |
| 650 | 2 | _aMovement. | |
| 650 | 2 | _aMovement Disorders. | |
| 942 |
_2lcc _cBK _h925.5 _iSOD _kRC |
||